000 00535nam a2200169 a 4500
001 000024762
005 20200930023344.0
008 110203s1973 sp b r 000 | spa d
040 _aDO-SdBNP
_bspa
_cBNPHU
082 _axxx
_bC414p
100 1 _aCeresole, Norberto
_950812
245 1 0 _aPeronismo :
_bteorĂ­a e historia del socialismo nacional /
_cNorberto Ceresole, Carlos P. Mastrorilli.
260 _aBuenos Aires :
_bCorregidor ,
_c1973.
300 _a431 p. ;
_c19 cm.
700 1 _aMastrorilli , Carlos P.
_950813
049 _aBNGR
999 _c24255
_d24255